00753 a2200229 4500999001700000003000500017005001700022008004100039020001500080020001800095082001600113100002300129245008100152250001200233260003100245300002100276490003100297700002300328830003700351942003000388952010500418 c29673d29673NUST20180118124529.0180118b xxu||||| |||| 00| 0 eng d a3540462155 a9783540462156 a530.12 BES1 aBes, Daniel.9875710aQuantum mechanics :ba modern and concise introductory course /cDaniel Bes. a2nd ed. a[S.l.] :bSpringer,c2007. a260 p. ;c24 cm.1 aAdvances texts in physics. aBes, Daniel.98757 0aAdvances texts in physics.98758 aSNScBKk530.12 BES2ddc 00104070aSNSbSNSd2016-05-26l1o530.12 BESpSNS0001242r2019-10-23s2019-10-01w2016-05-26yBK